000 00258nam a2200097Ia 4500
001 652827
005 20250826154445.0
008 250824s9999 xx 000 0 und d
245 0 _aÇANAKKALE DE AÇAN VATAN ÇİÇEKLERİ
_cHASAN BAYRAKTAR
260 _bKAYALIPARK
999 _c652827
_d652827